| 000 | 00618nam a2200217Ia 4500 | ||
|---|---|---|---|
| 003 | OSt | ||
| 005 | 20250917101026.0 | ||
| 008 | 210719s9999 xx 000 0 und d | ||
| 040 | _cAL | ||
| 041 | _aTulu | ||
| 082 | _aT894.2 RAVL | ||
| 100 |
_aRAV (P S) _dರಾವ್ (ಪಿ ಎಸ್) _9239019 |
||
| 245 |
_aLove marriage _bಲವ್ ಮ್ಯಾರೇಜ್ |
||
| 260 |
_aMangaluru _bSahodara Kala Vranda |
||
| 300 |
_a79 _bPB |
||
| 365 | _cRs | ||
| 650 |
_aTulu Drama _9239020 |
||
| 650 |
_a Hasyapradana Tulu nataka _9239021 |
||
| 906 | _aHasyapradana ; Luv ; marriage ; nataka ; Tulu | ||
| 942 |
_2ddc _cBK |
||
| 999 |
_c214677 _d214677 |
||